| 000 | 02187cam a22004457i 4500 | ||
|---|---|---|---|
| 001 | 18112358 | ||
| 003 | NUST | ||
| 005 | 20211001133647.0 | ||
| 008 | 140411t20142014enka b 001 0 eng d | ||
| 010 | _a 2013372332 | ||
| 015 |
_aGBB380500 _2bnb |
||
| 016 | 7 |
_a016490295 _2Uk |
|
| 020 | _a9789351072317 | ||
| 035 | _a(OCoLC)ocn869413341 | ||
| 038 | _aKhadija | ||
| 040 |
_aUKMGB _beng _cUKMGB _erda _dXII _dYDXCP _dBTCTA _dIXA _dDLC |
||
| 042 | _alccopycat | ||
| 050 | 0 | 0 |
_aTA640.2 _b.Z52 2014 |
| 082 | 0 | 4 |
_a620.10601 _223 _bZIE |
| 100 | 1 |
_aZienkiewicz, O. C., _eauthor. _98922 |
|
| 245 | 1 | 4 |
_aThe Finite Element Method for Fluid Dynamics _cO. C. Zienkiewicz, R. L. Taylor, P. Nithiarasu. |
| 250 | _a7th ed. | ||
| 264 | 1 |
_aOxford : _bButterworth-Heinemann, _c[2014] |
|
| 264 | 4 | _c©2014 | |
| 300 |
_axxxvi, 544 pages : _billustrations ; _c24 cm |
||
| 336 |
_atext _2rdacontent |
||
| 337 |
_aunmediated _2rdamedia |
||
| 338 |
_avolume _2rdacarrier |
||
| 504 | _aIncludes bibliographical references and index. | ||
| 505 | 0 | _aIntroduction to the equations of fluid dynamics and the finite element approximation -- Convection-dominated problems : finite element approximations to the convection-diffusion-reaction equation -- The characteristic-based split (CBS) algorithm : a general procedure for compressible and incompressible flow -- Incompressible Newtonian laminar flows -- Incompressible non-Newtonian flows -- Free surface and buoyancy driven flows -- Compressible high-speed gas flow -- Turbulent flows -- Generalized flow and heat transfer in porous media -- Shallow-water problems -- Long and medium waves -- Short waves -- Fluid-structure interaction -- Biofluid dynamics -- Computer implementation of the CBS algorithm. | |
| 563 | _aPB | ||
| 650 | 0 |
_aFinite element method. _91938 |
|
| 650 | 0 |
_aFluid dynamics. _91384 |
|
| 650 | 0 |
_aFluid dynamics _xMathematical models. _91940 |
|
| 700 | 1 |
_aTaylor, Robert L. _q(Robert Leroy), _d1934- _eauthor. _982789 |
|
| 700 | 1 |
_aNithiarasu, Perumal, _eauthor. _919101 |
|
| 906 |
_a7 _bcbc _ccopycat _d2 _encip _f20 _gy-gencatlg |
||
| 942 |
_2ddc _cBK |
||
| 999 |
_c527706 _d527706 |
||